<?xml version="1.0" encoding="UTF-8"?><?xml-stylesheet type="text/xsl" href="static/style.xsl"?><OAI-PMH xmlns="http://www.openarchives.org/OAI/2.0/" xmlns:xsi="http://www.w3.org/2001/XMLSchema-instance" xsi:schemaLocation="http://www.openarchives.org/OAI/2.0/ http://www.openarchives.org/OAI/2.0/OAI-PMH.xsd"><responseDate>2026-04-13T18:50:30Z</responseDate><request verb="GetRecord" identifier="oai:www.recercat.cat:2117/184423" metadataPrefix="marc">https://recercat.cat/oai/request</request><GetRecord><record><header><identifier>oai:recercat.cat:2117/184423</identifier><datestamp>2025-07-22T21:06:53Z</datestamp><setSpec>com_2072_1033</setSpec><setSpec>col_2072_452951</setSpec></header><metadata><record xmlns="http://www.loc.gov/MARC21/slim" xmlns:dcterms="http://purl.org/dc/terms/" xmlns:xsi="http://www.w3.org/2001/XMLSchema-instance" xmlns:doc="http://www.lyncode.com/xoai" xsi:schemaLocation="http://www.loc.gov/MARC21/slim http://www.loc.gov/standards/marcxml/schema/MARC21slim.xsd">
   <leader>00925njm 22002777a 4500</leader>
   <datafield ind2=" " ind1=" " tag="042">
      <subfield code="a">dc</subfield>
   </datafield>
   <datafield ind2=" " ind1=" " tag="720">
      <subfield code="a">Ferrer Borràs, Ariadna</subfield>
      <subfield code="e">author</subfield>
   </datafield>
   <datafield ind2=" " ind1=" " tag="260">
      <subfield code="c">2020-02-13</subfield>
   </datafield>
   <datafield ind2=" " ind1=" " tag="520">
      <subfield code="a">At present, especially in the south of Europe, we are used to live in cities where green spaces are not&#xd;
sufficiently valued. These are highly built cities, where these spaces are reduced to the residual zones&#xd;
of the city and the few parks that exist are gaps which are designed in the middle of the built mass.&#xd;
With this work, it is intended to place value on the integration between city and nature, studying an&#xd;
example in which the mixture of the construction and the landscape is evident, as it is in the case of&#xd;
Tapiola, located in a country whose forest area exceeds 73% of the total area: Finland.&#xd;
Tapiola is an area that belongs to the city of Espoo, located in the western zone of the metropolitan&#xd;
area of Helsinki. This is a preexisting forest accompanied by fields in the countryside, which in the&#xd;
second half of the 20th century was chosen to build a town centre, preserving what previously exists&#xd;
and offering the inhabitants optimal living conditions.&#xd;
The relationship between architecture and landscape is studied in an area surrounded by such high&#xd;
landscape quality as Tapiola is, showcasing an alternative to build a city exclusively made out of&#xd;
everything that is completely controlled and designed by man; showing that the green space, little&#xd;
altered, can also possess urban functions, similarly as the built space does. Thus, it is shown that the&#xd;
green space can also structure and, through it, it is possible to read and understand a town.&#xd;
This demonstrates that the city does not have to impose itself on the territory; architecture and landscape&#xd;
can perfectly coexist with extraordinary results.</subfield>
   </datafield>
   <datafield tag="653" ind2=" " ind1=" ">
      <subfield code="a">Àrees temàtiques de la UPC::Arquitectura::Tipologies d'edificis::Habitatges</subfield>
   </datafield>
   <datafield tag="653" ind2=" " ind1=" ">
      <subfield code="a">Àrees temàtiques de la UPC::Urbanisme::Arquitectura del paisatge</subfield>
   </datafield>
   <datafield tag="653" ind2=" " ind1=" ">
      <subfield code="a">Àrees temàtiques de la UPC::Urbanisme::Planejament urbà</subfield>
   </datafield>
   <datafield tag="653" ind2=" " ind1=" ">
      <subfield code="a">Àrees temàtiques de la UPC::Desenvolupament humà i sostenible</subfield>
   </datafield>
   <datafield tag="653" ind2=" " ind1=" ">
      <subfield code="a">Garden cities -- Tapiola (Espoo, Finland)</subfield>
   </datafield>
   <datafield tag="653" ind2=" " ind1=" ">
      <subfield code="a">Landscape architecture -- Tapiola (Espoo, Finland)</subfield>
   </datafield>
   <datafield tag="653" ind2=" " ind1=" ">
      <subfield code="a">City planning -- Tapiola (Espoo, Finland)</subfield>
   </datafield>
   <datafield tag="653" ind2=" " ind1=" ">
      <subfield code="a">Landscape towns</subfield>
   </datafield>
   <datafield tag="653" ind2=" " ind1=" ">
      <subfield code="a">Site conditions</subfield>
   </datafield>
   <datafield tag="653" ind2=" " ind1=" ">
      <subfield code="a">Natural character</subfield>
   </datafield>
   <datafield tag="653" ind2=" " ind1=" ">
      <subfield code="a">Underlaying structure</subfield>
   </datafield>
   <datafield tag="653" ind2=" " ind1=" ">
      <subfield code="a">Surroundigs</subfield>
   </datafield>
   <datafield tag="653" ind2=" " ind1=" ">
      <subfield code="a">Urban functions</subfield>
   </datafield>
   <datafield tag="653" ind2=" " ind1=" ">
      <subfield code="a">Ciutats jardí -- Tapiola (Finlàndia)</subfield>
   </datafield>
   <datafield tag="653" ind2=" " ind1=" ">
      <subfield code="a">Arquitectura del paisatge -- Tapiola (Finlàndia)</subfield>
   </datafield>
   <datafield tag="653" ind2=" " ind1=" ">
      <subfield code="a">Urbanisme -- Tapiola (Finlàndia)</subfield>
   </datafield>
   <datafield tag="653" ind2=" " ind1=" ">
      <subfield code="a">Zones verdes -- Tapiola (Finlàndia)</subfield>
   </datafield>
   <datafield ind2="0" ind1="0" tag="245">
      <subfield code="a">Landscape towns: Analysis and showcase of the integration between the city and the nature in the Finnish new town of Tapiola</subfield>
   </datafield>
</record></metadata></record></GetRecord></OAI-PMH>